Catálogo

Sistemas de control digital / (Registro nro. 64881)

Detalles MARC
000 -LEADER
fixed length control field 01218cam a2200313 i 4500
001 - CONTROL NUMBER
control field 64881
003 - CONTROL NUMBER IDENTIFIER
control field Mx-PuUPA
005 - DATE AND TIME OF LATEST TRANSACTION
control field 20240410104108.0
008 - FIXED-LENGTH DATA ELEMENTS--GENERAL INFORMATION
fixed length control field 100324s1997 mx ad fr 001 0 spa d
020 ## - INTERNATIONAL STANDARD BOOK NUMBER
International Standard Book Number 9789682612923 (13)
020 ## - INTERNATIONAL STANDARD BOOK NUMBER
International Standard Book Number 9682612926
040 ## - CATALOGING SOURCE
Original cataloging agency Mx-PuUPA
Language of cataloging spa
Transcribing agency Mx-PuUPA
Modifying agency Mx-PuUPA
Description conventions rda
041 1# - LANGUAGE CODE
Language code of text/sound track or separate title spa
Language code of original eng
100 1# - MAIN ENTRY--PERSONAL NAME
Personal name Kuo, Benjamin C.,
Dates associated with a name 1930-2012
Relator term autor
9 (RLIN) 9647
240 10 - UNIFORM TITLE
Uniform title Digital control systems.
Date of a work 1992.
Language of a work Español.
245 10 - TITLE STATEMENT
Title Sistemas de control digital /
Statement of responsibility, etc. Benjamin C. Kuo ; traducción, Gerardo Urbina Medal.
250 ## - EDITION STATEMENT
Edition statement Primera edición
264 #1 - PRODUCTION, PUBLICATION, DISTRIBUTION, MANUFACTURE, AND COPYRIGHT NOTICE
Place of production, publication, distribution, manufacture México :
Name of producer, publisher, distributor, manufacturer Grupo Editorial Patria,
Date of production, publication, distribution, manufacture, or copyright notice 1997
300 ## - PHYSICAL DESCRIPTION
Extent xviii, 751 páginas :
Other physical details ilustraciones, gráficas, diagramas ;
Dimensions 25 cm.
336 ## - CONTENT TYPE
Fuente rdacontent
Content type term texto
Content type code txt
337 ## - MEDIA TYPE
Source rdamedia
Media type term sin medio
Media type code n
338 ## - CARRIER TYPE
Source rdacarrier
Carrier type term volumen
Carrier type code nc
650 14 - SUBJECT ADDED ENTRY--TOPICAL TERM
Topical term or geographic name entry element Controladores (hardware)
700 1# - ADDED ENTRY--PERSONAL NAME
Personal name Urbina Medal, Gerardo,
Relator term traductor
765 18 - ORIGINAL LANGUAGE ENTRY
Main entry heading Kuo, Benjamin C.,
Title Digital control systems.
Edition Second edition.
Place, publisher, and date of publication Fort Worth ; London : Saunders College Pub., 1992.
International Standard Book Number 0030128846
942 ## - ADDED ENTRY ELEMENTS (KOHA)
Source of classification or shelving scheme Dewey Decimal Classification
Koha item type Libro
Classification part 629.8
Item part K96
Existencias
Withdrawn status Lost status Source of classification or shelving scheme Damaged status Not for loan Collection code Home library Current library Shelving location Date acquired Source of acquisition Total Checkouts Full call number Barcode Date last seen Date last checked out Price effective from Koha item type
    Dewey Decimal Classification     General Biblioteca Karol Wojtyla Biblioteca Karol Wojtyla Sala general 03/12/2018 Donación 3 629.8 K96 1997 60016 16/02/2026 28/01/2026 03/12/2013 Libro